|
|
|
|
| LEADER |
02466nam a2200649 i 4500 |
| 001 |
nkc20172879409 |
| 003 |
CZ PrNK |
| 005 |
20170628073937.0 |
| 007 |
ta |
| 008 |
170208s2017 xr e f 000 0 cze |
| 015 |
|
|
|a cnb002879409
|
| 020 |
|
|
|a 978-80-7549-273-9
|q (vázáno) :
|c Kč 169,00
|
| 035 |
|
|
|a (OCoLC)993646681
|
| 040 |
|
|
|a OLA001
|b cze
|d ABA001
|e rda
|
| 041 |
1 |
|
|a cze
|h eng
|
| 072 |
|
7 |
|a 615.8
|x Fyzioterapie. Psychoterapie. Alternativní lékařství
|2 Konspekt
|9 14
|
| 080 |
|
|
|a 615.851:129
|2 MRF
|
| 080 |
|
|
|a 615.851-026.452
|2 MRF
|
| 080 |
|
|
|a 129
|2 MRF
|
| 080 |
|
|
|a 159.923.2
|2 MRF
|
| 080 |
|
|
|a 159.923.2:17.024.3
|2 MRF
|
| 080 |
|
|
|a 133
|2 MRF
|
| 080 |
|
|
|a (035)
|2 MRF
|
| 100 |
1 |
|
|a Linn, Denise
|7 xx0020746
|4 aut
|
| 240 |
1 |
0 |
|a 21 days to master understanding your past lives.
|l Česky
|
| 245 |
1 |
0 |
|a 21 dní k pochopení vašich minulých životů /
|c Denise Linn ; z anglického originálu 21 days to master understanding your past lives ... přeložila Lucie Dušková
|
| 246 |
3 |
|
|a Dvacet jedna dní k pochopení vašich minulých životů
|
| 246 |
3 |
|
|a Jednadvacet dní k pochopení vašich minulých životů
|
| 250 |
|
|
|a Vydání první
|
| 264 |
|
1 |
|a Praha :
|b Euromedia,
|c 2017
|
| 300 |
|
|
|a 133 stran ;
|c 21 cm
|
| 336 |
|
|
|a text
|b txt
|2 rdacontent
|
| 337 |
|
|
|a bez média
|b n
|2 rdamedia
|
| 338 |
|
|
|a svazek
|b nc
|2 rdacarrier
|
| 500 |
|
|
|a Na obálce nakladatel: Pragma
|
| 650 |
0 |
7 |
|a reinkarnační terapie
|7 ph125092
|2 czenas
|
| 650 |
0 |
7 |
|a regresní psychoterapie
|7 ph116031
|2 czenas
|
| 650 |
0 |
7 |
|a reinkarnace
|7 ph116033
|2 czenas
|
| 650 |
0 |
7 |
|a karma
|7 ph121478
|2 czenas
|
| 650 |
0 |
7 |
|a sebepoznání
|7 ph116116
|x esoterické aspekty
|2 czenas
|
| 650 |
0 |
7 |
|a vyrovnání se s minulostí
|7 ph210129
|x esoterické aspekty
|2 czenas
|
| 650 |
0 |
9 |
|a reincarnation therapy
|2 eczenas
|
| 650 |
0 |
9 |
|a regressive psychotherapy
|2 eczenas
|
| 650 |
0 |
9 |
|a reincarnation
|2 eczenas
|
| 650 |
0 |
9 |
|a Karma
|2 eczenas
|
| 650 |
0 |
9 |
|a self-consciousness
|x esoteric aspects
|2 eczenas
|
| 650 |
0 |
9 |
|a coming to terms with the past
|x esoteric aspects
|2 eczenas
|
| 655 |
|
7 |
|a příručky
|7 fd133209
|2 czenas
|
| 655 |
|
9 |
|a handbooks and manuals
|2 eczenas
|
| 700 |
1 |
|
|a Dušková, Lucie
|4 trl
|
| 910 |
2 |
|
|a BOA001
|b 2-1390.171
|
| 928 |
9 |
|
|a Euromedia Group
|
| 928 |
9 |
|
|a Euromedia Group - Pragma
|
| 990 |
|
|
|a BK
|
| 995 |
|
|
|a 01
|
| 991 |
|
|
|b 201706
|c NOV
|
| 996 |
6 |
|
|b 2610709340
|c 2-1390.171
|l MZK
|r Sklad / do 1 hodiny
|n 0
|p p.v.
|w 001614358
|u 000010
|a 1
|e BOA001
|j MZK50
|s P
|